| 000 | 00314nam a22001217a 4500 | ||
|---|---|---|---|
| 082 |
_a940.54 _bSLI |
||
| 100 |
_aSlim, Wilium _949361 |
||
| 245 |
_aشکست سے فتح تک _cGhulam jilani Khan. |
||
| 260 |
_aRawalpindi. _bGHQ. |
||
| 300 | _a757 p. | ||
| 526 |
_a0 _b0 _c0 _d940_540000000000000_SLI |
||
| 942 |
_2ddc _cBK |
||
| 999 |
_c552150 _d552150 |
||